000 02044cam a2200385 i 4500
001 1395
005 20231211141822.0
020 _a9780545852319 (hardcover)
020 _a0545852315 (hardcover)
020 _a9780545908023
020 _a0545908027
040 _aDLC
_beng
_cDLC
_erda
_dOCLCO
_dYDXCP
_dBDX
_dBTCTA
_dFOLLT
_dOCLCO
_dNYP
_dMLY
_dTAP
_dOCLCO
_dOCLCF
_dZJI
_dOCLCO
_dIEP
_dOCLCO
_dVP@
_dIEU
_dOCLCQ
_dOKN
_dOCLCO
_dDLC
050 0 0 _aQL100.5
_b.T37 2015
082 _a591.6
100 1 _aTarshis, Lauren,
_eauthor.
245 1 0 _aNature attacks! /
_cLauren Tarshis.
250 _aFirst edition.
260 _aNew York :
_bScholastic,
_c2017
300 _a157 pages :
_billustrations ;
_c22 cm.
490 1 _aI survived true stories ;
_v2
505 0 _aQ
505 0 _aSummer of terror: the true story of the shark attacks of 1916 -- The volcano that changed the world: the eruption off Mount Tambora, 1815 -- The bloodred night: the Great Peshtigo Fire of 1871 -- The invisible monster: one girl's encounter with the deadly box jellyfish.
520 _aFrom 14-year-old Joseph Dunn who was the lone survivor of the Shark Attacks of 1916, to 9-year-old Mike Kramer who, with the help of his quick-thinking parents, survived the Peshtigo fire of 1871 (which took place on the very same day in history as the Great Chicago Fire!), to the 13-year-old girl who survived a terrifying attack by a box jellyfish, this is a collection of unforgettable narrative non-fiction stories of unimaginable destruction -- and, against all odds, survival.
521 1 _a970
_bLexile
521 1 _aQ
_bRaz-Plus
650 0 _aAnimal attacks
_vJuvenile literature.
650 0 _aDisasters
_vJuvenile literature.
650 0 _aSurvival
_vJuvenile literature.
650 7 _aAnimal attacks.
_2fast
_0(OCoLC)fst00809078
650 7 _aDisasters.
_2fast
_0(OCoLC)fst00894782
650 7 _aSurvival.
_2fast
_0(OCoLC)fst01761768
655 7 _aJuvenile works.
_2fast
_0(OCoLC)fst01411637
906 _a7
_bcbc
_corignew
_d1
_eecip
_f20
_gy-gencatlg
942 _2ddc
_cBK
_n0
999 _c1395
_d1395